Bayonetta-Les catégories de la hiérarchie angélique - Statistiques

Statistiques générales
  • Ce quiz a été pris 4 fois
  • Le résultat moyen est 10 sur 14
Statistiques - réponses
Titre Réponse % Correct
Sous-catégorie9ème rang Anges
100%
Sous-catégorie8ème rang Archanges
100%
Sous-catégorie2ème rang Chérubins
100%
Sous-catégorie1ème rang Séraphins
100%
Sous-catégorie3ème rang Trônes
100%
Sous-catégorie6ème rang Puissances
75%
Catégorie Auditio
50%
Catégorie Dea
50%
Sous-catégorie4ème rang Dominations
50%
Catégorie Première Sphère
50%
Sous-catégorie7ème rang Principautés
50%
Catégorie Seconde Sphère
50%
Catégorie Troisième Sphère
50%
Sous-catégorie5ème rang Vertus
50%
Aucun quiz correspondant
Distribution des résultats
% des personnes avec chaque résultat
Percentile par nombre de réponses
Votre historique - résultats
Vous n’avez pas pris ce quiz